<?xml version="1.0" encoding="UTF-8"?>
<record
    xmlns:xsi="http://www.w3.org/2001/XMLSchema-instance"
    xsi:schemaLocation="http://www.loc.gov/MARC21/slim http://www.loc.gov/standards/marcxml/schema/MARC21slim.xsd"
    xmlns="http://www.loc.gov/MARC21/slim">

  <leader>05173ncm0a2200469   4500</leader>
  <controlfield tag="001">RU\NLR\ONIZ\218889</controlfield>
  <controlfield tag="005">20250626062721.0</controlfield>
  <datafield tag="013" ind1=" " ind2=" ">
    <subfield code="a">979-0-66002-209-2</subfield>
  </datafield>
  <datafield tag="035" ind1=" " ind2=" ">
    <subfield code="a">(NLR Aleph) 011415375</subfield>
  </datafield>
  <datafield tag="071" ind1="2" ind2="0">
    <subfield code="a">&#x441; 2209 &#x43A;</subfield>
  </datafield>
  <datafield tag="090" ind1=" " ind2=" ">
    <subfield code="a">11581773</subfield>
    <subfield code="c">11581773</subfield>
  </datafield>
  <datafield tag="100" ind1=" " ind2=" ">
    <subfield code="a">20170623d1995    |||y0rusy50      ca</subfield>
  </datafield>
  <datafield tag="101" ind1="0" ind2=" ">
    <subfield code="a">eng</subfield>
    <subfield code="a">rus</subfield>
  </datafield>
  <datafield tag="102" ind1=" " ind2=" ">
    <subfield code="a">RU</subfield>
  </datafield>
  <datafield tag="125" ind1=" " ind2=" ">
    <subfield code="a">cb</subfield>
  </datafield>
  <datafield tag="145" ind1="0" ind2=" ">
    <subfield code="a">b</subfield>
  </datafield>
  <datafield tag="200" ind1="1" ind2=" ">
    <subfield code="a">&#x41F;&#x44C;&#x435;&#x441;&#x44B; &#x434;&#x43B;&#x44F; &#x432;&#x438;&#x43E;&#x43B;&#x43E;&#x43D;&#x447;&#x435;&#x43B;&#x438; &#x438; &#x444;&#x43E;&#x440;&#x442;&#x435;&#x43F;&#x438;&#x430;&#x43D;&#x43E;</subfield>
    <subfield code="b">&#x41D;&#x43E;&#x442;&#x44B;</subfield>
    <subfield code="d">Pieces for violoncello and piano</subfield>
    <subfield code="h">&#x412;&#x44B;&#x43F;. 1</subfield>
    <subfield code="i">&#x413;&#x43B;&#x438;&#x43D;&#x43A;&#x430;, &#x414;&#x430;&#x432;&#x44B;&#x434;&#x43E;&#x432;, &#x420;&#x430;&#x445;&#x43C;&#x430;&#x43D;&#x438;&#x43D;&#x43E;&#x432;, &#x410;&#x440;&#x435;&#x43D;&#x441;&#x43A;&#x438;&#x439;</subfield>
    <subfield code="f">&#x441;&#x43E;&#x441;&#x442;. &#x438; &#x440;&#x435;&#x434;. &#x410;. &#x410;. &#x41B;&#x430;&#x437;&#x44C;&#x43A;&#x43E;</subfield>
    <subfield code="z">eng</subfield>
  </datafield>
  <datafield tag="208" ind1=" " ind2=" ">
    <subfield code="a">[&#x41F;&#x430;&#x440;&#x442;&#x438;&#x442;&#x443;&#x440;&#x430;, &#x43F;&#x430;&#x440;&#x442;&#x438;&#x44F;]</subfield>
  </datafield>
  <datafield tag="210" ind1=" " ind2=" ">
    <subfield code="a">&#x421;&#x430;&#x43D;&#x43A;&#x442;-&#x41F;&#x435;&#x442;&#x435;&#x440;&#x431;&#x443;&#x440;&#x433;</subfield>
    <subfield code="c">&#x41A;&#x43E;&#x43C;&#x43F;&#x43E;&#x437;&#x438;&#x442;&#x43E;&#x440;-&#x421;&#x430;&#x43D;&#x43A;&#x442;-&#x41F;&#x435;&#x442;&#x435;&#x440;&#x431;&#x443;&#x440;&#x433;</subfield>
    <subfield code="d">1995</subfield>
  </datafield>
  <datafield tag="215" ind1=" " ind2=" ">
    <subfield code="a">47 &#x441;., 1 &#x43F;&#x430;&#x440;&#x442;. (20 &#x441;.)</subfield>
    <subfield code="c">&#x438;&#x43B;.</subfield>
    <subfield code="d">30 &#x441;&#x43C;</subfield>
  </datafield>
  <datafield tag="225" ind1="1" ind2=" ">
    <subfield code="a">&#x417;&#x43E;&#x43B;&#x43E;&#x442;&#x43E;&#x439; &#x440;&#x435;&#x43F;&#x435;&#x440;&#x442;&#x443;&#x430;&#x440; &#x432;&#x438;&#x43E;&#x43B;&#x43E;&#x43D;&#x447;&#x435;&#x43B;&#x438;&#x441;&#x442;&#x430;</subfield>
  </datafield>
  <datafield tag="313" ind1=" " ind2=" ">
    <subfield code="a">&#x421;&#x438;&#x441;&#x442;&#x435;&#x43C;&#x430;&#x442;&#x438;&#x437;&#x430;&#x446;&#x438;&#x44F; &#x434;&#x43E;&#x43A;&#x443;&#x43C;&#x435;&#x43D;&#x442;&#x430; &#x43F;&#x440;&#x43E;&#x432;&#x435;&#x434;&#x435;&#x43D;&#x430; &#x43F;&#x43E; &#x438;&#x437;&#x434;&#x430;&#x43D;&#x438;&#x44E; - &#x41C;&#x435;&#x442;&#x43E;&#x434;&#x438;&#x43A;&#x430; &#x43A;&#x43B;&#x430;&#x441;&#x441;&#x438;&#x444;&#x438;&#x446;&#x438;&#x440;&#x43E;&#x432;&#x430;&#x43D;&#x438;&#x44F; &#x43C;&#x443;&#x437;&#x44B;&#x43A;&#x430;&#x43B;&#x44C;&#x43D;&#x44B;&#x445; &#x43F;&#x440;&#x43E;&#x438;&#x437;&#x432;&#x435;&#x434;&#x435;&#x43D;&#x438;&#x439; (&#x43D;&#x43E;&#x442;&#x43D;&#x44B;&#x445; &#x438;&#x437;&#x434;&#x430;&#x43D;&#x438;&#x439;) &#x43F;&#x43E; &#x442;&#x430;&#x431;&#x43B;&#x438;&#x446;&#x430;&#x43C; &#x411;&#x438;&#x431;&#x43B;&#x438;&#x43E;&#x442;&#x435;&#x447;&#x43D;&#x43E;-&#x431;&#x438;&#x431;&#x43B;&#x438;&#x43E;&#x433;&#x440;&#x430;&#x444;&#x438;&#x447;&#x435;&#x441;&#x43A;&#x438;&#x445; &#x43A;&#x43B;&#x430;&#x441;&#x441;&#x438;&#x444;&#x438;&#x43A;&#x430;&#x446;&#x438;&#x439; : &#x43C;&#x435;&#x442;&#x43E;&#x434;. &#x440;&#x435;&#x43A;&#x43E;&#x43C;&#x435;&#x43D;&#x434;&#x430;&#x446;&#x438;&#x438; / &#x413;&#x43E;&#x441;. &#x431;-&#x43A;&#x430; &#x421;&#x421;&#x421;&#x420; &#x438;&#x43C;. &#x412;.&#x418;. &#x41B;&#x435;&#x43D;&#x438;&#x43D;&#x430;.- &#x41C;., 1977. &#x418;&#x43D;&#x434;&#x435;&#x43A;&#x441;&#x443; &#x411;&#x411;&#x41A; &#x43C;&#x435;&#x442;&#x43E;&#x434;&#x438;&#x447;&#x435;&#x441;&#x43A;&#x438;&#x445; &#x440;&#x435;&#x43A;&#x43E;&#x43C;&#x435;&#x43D;&#x434;&#x430;&#x446;&#x438;&#x439; &#x43F;&#x440;&#x438;&#x441;&#x432;&#x430;&#x438;&#x432;&#x430;&#x435;&#x442;&#x441;&#x44F; &#x43A;&#x43E;&#x434; &#x411;&#x411;&#x41A; &#x434;&#x43B;&#x44F; &#x43D;&#x430;&#x443;&#x447;&#x43D;&#x44B;&#x445; &#x431;&#x438;&#x431;&#x43B;&#x438;&#x43E;&#x442;&#x435;&#x43A; - LBC/SL</subfield>
  </datafield>
  <datafield tag="327" ind1="1" ind2=" ">
    <subfield code="a">1. &#x420;&#x43E;&#x43C;&#x430;&#x43D;&#x441; &#x431;&#x435;&#x437; &#x441;&#x43B;&#x43E;&#x432; : &#x441;&#x43E;&#x447;. 23 / &#x41A;. &#x414;&#x430;&#x432;&#x44B;&#x434;&#x43E;&#x432; ;</subfield>
    <subfield code="a">2. &#x423; &#x444;&#x43E;&#x43D;&#x442;&#x430;&#x43D;&#x430; : &#x441;&#x43E;&#x447;. 20 &#x2116; 2 / &#x41A;. &#x414;&#x430;&#x432;&#x44B;&#x434;&#x43E;&#x432;.</subfield>
    <subfield code="a">3. &#x41D;&#x43E;&#x43A;&#x442;&#x44E;&#x440;&#x43D; : ("&#x420;&#x430;&#x437;&#x43B;&#x443;&#x43A;&#x430;") / &#x41C;. &#x413;&#x43B;&#x438;&#x43D;&#x43A;&#x430; ; &#x442;&#x440;&#x430;&#x43D;&#x441;&#x43A;&#x440;. &#x410;. &#x412;&#x43B;&#x430;&#x441;&#x43E;&#x432;&#x430;.</subfield>
    <subfield code="a">4. &#x412;&#x43E;&#x43A;&#x430;&#x43B;&#x438;&#x437; : &#x441;&#x43E;&#x447;. 34 &#x2116; 14 / &#x421;. &#x420;&#x430;&#x445;&#x43C;&#x430;&#x43D;&#x438;&#x43D;&#x43E;&#x432; ; &#x442;&#x440;&#x430;&#x43D;&#x441;&#x43A;&#x440;. &#x410;. &#x428;&#x442;&#x440;&#x438;&#x43C;&#x435;&#x440;&#x430; ;</subfield>
    <subfield code="a">5. &#x412;&#x43E;&#x441;&#x442;&#x43E;&#x447;&#x43D;&#x44B;&#x439; &#x442;&#x430;&#x43D;&#x435;&#x446; : &#x441;&#x43E;&#x447;. 2 &#x2116; 2 / &#x421;. &#x420;&#x430;&#x445;&#x43C;&#x430;&#x43D;&#x438;&#x43D;&#x43E;&#x432;.</subfield>
    <subfield code="a">6. &#x422;&#x430;&#x43D;&#x435;&#x446; &#x43A;&#x430;&#x43F;&#x440;&#x438;&#x447;&#x447;&#x438;&#x43E;&#x437;&#x43E; : &#x441;&#x43E;&#x447;. 12 &#x2116; 2 / &#x410;. &#x410;&#x440;&#x435;&#x43D;&#x441;&#x43A;&#x438;&#x439;</subfield>
  </datafield>
  <datafield tag="464" ind1=" " ind2="0">
    <subfield code="1">2001#$a&#x420;&#x43E;&#x43C;&#x430;&#x43D;&#x441; &#x431;&#x435;&#x437; &#x441;&#x43B;&#x43E;&#x432;$e&#x441;&#x43E;&#x447;. 23$f&#x41A;. &#x414;&#x430;&#x432;&#x44B;&#x434;&#x43E;&#x432;</subfield>
    <subfield code="1">215##$a&#x421;.3-7</subfield>
    <subfield code="1">700#1$9z01790$a&#x414;&#x430;&#x432;&#x44B;&#x434;&#x43E;&#x432;$b&#x41A;. &#x42E;.$g&#x41A;&#x430;&#x440;&#x43B; &#x42E;&#x43B;&#x44C;&#x435;&#x432;&#x438;&#x447;$f1838-1889$4230$7ca</subfield>
    <subfield code="1">790#1$9z01700$aDavydov$bK. J.$gKarl Jul`evi&#x10D;$f1838-1889$4230$7ba</subfield>
    <subfield code="t">&#x420;&#x43E;&#x43C;&#x430;&#x43D;&#x441; &#x431;&#x435;&#x437; &#x441;&#x43B;&#x43E;&#x432;</subfield>
    <subfield code="a">&#x414;&#x430;&#x432;&#x44B;&#x434;&#x43E;&#x432;, &#x41A;&#x430;&#x440;&#x43B; &#x42E;&#x43B;&#x44C;&#x435;&#x432;&#x438;&#x447; (1838-1889)</subfield>
  </datafield>
  <datafield tag="464" ind1=" " ind2="0">
    <subfield code="1">2001#$a&#x423; &#x444;&#x43E;&#x43D;&#x442;&#x430;&#x43D;&#x430;$e&#x441;&#x43E;&#x447;. 20 &#x2116; 2$f&#x41A;. &#x414;&#x430;&#x432;&#x44B;&#x434;&#x43E;&#x432;</subfield>
    <subfield code="1">215##$a&#x421;.8-19</subfield>
    <subfield code="1">700#1$9z01790$a&#x414;&#x430;&#x432;&#x44B;&#x434;&#x43E;&#x432;$b&#x41A;. &#x42E;.$g&#x41A;&#x430;&#x440;&#x43B; &#x42E;&#x43B;&#x44C;&#x435;&#x432;&#x438;&#x447;$f1838-1889$4230$7ca</subfield>
    <subfield code="1">790#1$9z01700$aDavydov$bK. J.$gKarl Jul`evi&#x10D;$f1838-1889$4230$7ba</subfield>
    <subfield code="t">&#x423; &#x444;&#x43E;&#x43D;&#x442;&#x430;&#x43D;&#x430;</subfield>
    <subfield code="a">&#x414;&#x430;&#x432;&#x44B;&#x434;&#x43E;&#x432;, &#x41A;&#x430;&#x440;&#x43B; &#x42E;&#x43B;&#x44C;&#x435;&#x432;&#x438;&#x447; (1838-1889)</subfield>
  </datafield>
  <datafield tag="464" ind1=" " ind2="0">
    <subfield code="1">2001#$a&#x41D;&#x43E;&#x43A;&#x442;&#x44E;&#x440;&#x43D;$e("&#x420;&#x430;&#x437;&#x43B;&#x443;&#x43A;&#x430;")$f&#x41C;. &#x413;&#x43B;&#x438;&#x43D;&#x43A;&#x430;$g&#x442;&#x440;&#x430;&#x43D;&#x441;&#x43A;&#x440;. &#x410;. &#x412;&#x43B;&#x430;&#x441;&#x43E;&#x432;&#x430;</subfield>
    <subfield code="1">215##$a&#x421;.20-25</subfield>
    <subfield code="1">700#1$9z01790$a&#x413;&#x43B;&#x438;&#x43D;&#x43A;&#x430;$b&#x41C;. &#x418;.$g&#x41C;&#x438;&#x445;&#x430;&#x438;&#x43B; &#x418;&#x432;&#x430;&#x43D;&#x43E;&#x432;&#x438;&#x447;$f1804-1857$4230$7ca</subfield>
    <subfield code="1">702#1$9z02790$a&#x412;&#x43B;&#x430;&#x441;&#x43E;&#x432;$b&#x410;. &#x41A;.$g&#x410;&#x43B;&#x435;&#x43A;&#x441;&#x430;&#x43D;&#x434;&#x440; &#x41A;&#x43E;&#x43D;&#x434;&#x440;&#x430;&#x442;&#x44C;&#x435;&#x432;&#x438;&#x447;$f1911-1986$4030$7ca</subfield>
    <subfield code="1">790#1$9z01700$aGlinka$bM.$gMichael$f1804-1857$4230$7ba</subfield>
    <subfield code="1">790#1$9z02702$aVlasov$bA. K.$gAleksandr Kondrat`evi&#x10D;$f1911-1986$4030$7ba</subfield>
    <subfield code="t">&#x41D;&#x43E;&#x43A;&#x442;&#x44E;&#x440;&#x43D;</subfield>
    <subfield code="a">&#x413;&#x43B;&#x438;&#x43D;&#x43A;&#x430;, &#x41C;&#x438;&#x445;&#x430;&#x438;&#x43B; &#x418;&#x432;&#x430;&#x43D;&#x43E;&#x432;&#x438;&#x447; (1804-1857)</subfield>
  </datafield>
  <datafield tag="464" ind1=" " ind2="0">
    <subfield code="1">2001#$a&#x412;&#x43E;&#x43A;&#x430;&#x43B;&#x438;&#x437;$e&#x441;&#x43E;&#x447;. 34 &#x2116; 14$f&#x421;. &#x420;&#x430;&#x445;&#x43C;&#x430;&#x43D;&#x438;&#x43D;&#x43E;&#x432;$g&#x442;&#x440;&#x430;&#x43D;&#x441;&#x43A;&#x440;. &#x410;. &#x428;&#x442;&#x440;&#x438;&#x43C;&#x435;&#x440;&#x430;</subfield>
    <subfield code="1">215##$a&#x421;.26-30</subfield>
    <subfield code="1">700#1$9z01790$a&#x420;&#x430;&#x445;&#x43C;&#x430;&#x43D;&#x438;&#x43D;&#x43E;&#x432;$b&#x421;. &#x412;.$g&#x421;&#x435;&#x440;&#x433;&#x435;&#x439; &#x412;&#x430;&#x441;&#x438;&#x43B;&#x44C;&#x435;&#x432;&#x438;&#x447;$f1873-1943$4230$7ca</subfield>
    <subfield code="1">702#1$9z02790$a&#x428;&#x442;&#x440;&#x438;&#x43C;&#x435;&#x440;$b&#x410;. &#x42F;.$g&#x410;&#x43B;&#x435;&#x43A;&#x441;&#x430;&#x43D;&#x434;&#x440; &#x42F;&#x43A;&#x43E;&#x432;&#x43B;&#x435;&#x432;&#x438;&#x447;$f1888-1961$4030$7ca</subfield>
    <subfield code="1">790#1$9z01700$aRachmaninov$bS. V.$gSergej Vasil`evi&#x10D;$f1873-1943$4230$7ba</subfield>
    <subfield code="1">790#1$9z02702$aStrimer$bA.$gAleksandr$f1888-1961$4030$7ba</subfield>
    <subfield code="t">&#x412;&#x43E;&#x43A;&#x430;&#x43B;&#x438;&#x437;</subfield>
    <subfield code="a">&#x420;&#x430;&#x445;&#x43C;&#x430;&#x43D;&#x438;&#x43D;&#x43E;&#x432;, &#x421;&#x435;&#x440;&#x433;&#x435;&#x439; &#x412;&#x430;&#x441;&#x438;&#x43B;&#x44C;&#x435;&#x432;&#x438;&#x447; (1873-1943)</subfield>
  </datafield>
  <datafield tag="464" ind1=" " ind2="0">
    <subfield code="1">2001#$a&#x412;&#x43E;&#x441;&#x442;&#x43E;&#x447;&#x43D;&#x44B;&#x439; &#x442;&#x430;&#x43D;&#x435;&#x446;$e&#x441;&#x43E;&#x447;. 2 &#x2116; 2$f&#x421;. &#x420;&#x430;&#x445;&#x43C;&#x430;&#x43D;&#x438;&#x43D;&#x43E;&#x432;</subfield>
    <subfield code="1">215##$a&#x421;.31-37</subfield>
    <subfield code="1">700#1$9z01790$a&#x420;&#x430;&#x445;&#x43C;&#x430;&#x43D;&#x438;&#x43D;&#x43E;&#x432;$b&#x421;. &#x412;.$g&#x421;&#x435;&#x440;&#x433;&#x435;&#x439; &#x412;&#x430;&#x441;&#x438;&#x43B;&#x44C;&#x435;&#x432;&#x438;&#x447;$f1873-1943$4230$7ca</subfield>
    <subfield code="1">790#1$9z01700$aRachmaninov$bS. V.$gSergej Vasil`evi&#x10D;$f1873-1943$4230$7ba</subfield>
    <subfield code="t">&#x412;&#x43E;&#x441;&#x442;&#x43E;&#x447;&#x43D;&#x44B;&#x439; &#x442;&#x430;&#x43D;&#x435;&#x446;</subfield>
    <subfield code="a">&#x420;&#x430;&#x445;&#x43C;&#x430;&#x43D;&#x438;&#x43D;&#x43E;&#x432;, &#x421;&#x435;&#x440;&#x433;&#x435;&#x439; &#x412;&#x430;&#x441;&#x438;&#x43B;&#x44C;&#x435;&#x432;&#x438;&#x447; (1873-1943)</subfield>
  </datafield>
  <datafield tag="464" ind1=" " ind2="0">
    <subfield code="1">2001#$a&#x422;&#x430;&#x43D;&#x435;&#x446; &#x43A;&#x430;&#x43F;&#x440;&#x438;&#x447;&#x447;&#x438;&#x43E;&#x437;&#x43E;$e&#x441;&#x43E;&#x447;. 12 &#x2116; 2$f&#x410;. &#x410;&#x440;&#x435;&#x43D;&#x441;&#x43A;&#x438;&#x439;</subfield>
    <subfield code="1">215##$a&#x421;.38-47</subfield>
    <subfield code="1">700#1$9z01790$a&#x410;&#x440;&#x435;&#x43D;&#x441;&#x43A;&#x438;&#x439;$b&#x410;. &#x421;.$g&#x410;&#x43D;&#x442;&#x43E;&#x43D; &#x421;&#x442;&#x435;&#x43F;&#x430;&#x43D;&#x43E;&#x432;&#x438;&#x447;$f1861-1906$4230$7ca</subfield>
    <subfield code="1">790#1$9z01700$aArenskij$bA. S.$gAnton Stepanovich$f1861-1906$4230$7ba</subfield>
    <subfield code="t">&#x422;&#x430;&#x43D;&#x435;&#x446; &#x43A;&#x430;&#x43F;&#x440;&#x438;&#x447;&#x447;&#x438;&#x43E;&#x437;&#x43E;</subfield>
    <subfield code="a">&#x410;&#x440;&#x435;&#x43D;&#x441;&#x43A;&#x438;&#x439;, &#x410;&#x43D;&#x442;&#x43E;&#x43D; &#x421;&#x442;&#x435;&#x43F;&#x430;&#x43D;&#x43E;&#x432;&#x438;&#x447; (1861-1906)</subfield>
  </datafield>
  <datafield tag="606" ind1="1" ind2=" ">
    <subfield code="a">&#x41F;&#x44C;&#x435;&#x441;&#x44B; &#x434;&#x43B;&#x44F; &#x432;&#x438;&#x43E;&#x43B;&#x43E;&#x43D;&#x447;&#x435;&#x43B;&#x438; &#x438; &#x444;&#x43E;&#x440;&#x442;&#x435;&#x43F;&#x438;&#x430;&#x43D;&#x43E;</subfield>
    <subfield code="y">&#x420;&#x43E;&#x441;&#x441;&#x438;&#x44F;</subfield>
    <subfield code="z">19-20 &#x432;&#x432;.</subfield>
    <subfield code="j">&#x41D;&#x43E;&#x442;&#x44B;</subfield>
    <subfield code="2">nlr_sh</subfield>
  </datafield>
  <datafield tag="686" ind1=" " ind2=" ">
    <subfield code="a">&#x429;955.6-42-058&#x44F;43(28)</subfield>
    <subfield code="v">LBC/SL</subfield>
    <subfield code="2">rubbk</subfield>
  </datafield>
  <datafield tag="686" ind1=" " ind2=" ">
    <subfield code="a">&#x429;955.692&#x44F;43(28)</subfield>
    <subfield code="v">LBC/SL</subfield>
    <subfield code="2">rubbk</subfield>
  </datafield>
  <datafield tag="700" ind1=" " ind2="1">
    <subfield code="9">z06790</subfield>
    <subfield code="a">&#x41B;&#x430;&#x437;&#x44C;&#x43A;&#x43E;</subfield>
    <subfield code="b">&#x410;. &#x410;.</subfield>
    <subfield code="c">&#x441;&#x43E;&#x441;&#x442;.</subfield>
    <subfield code="f">1925-2016</subfield>
    <subfield code="g">&#x410;&#x43B;&#x435;&#x43A;&#x441;&#x435;&#x439; &#x410;&#x43B;&#x435;&#x43A;&#x441;&#x435;&#x435;&#x432;&#x438;&#x447;</subfield>
    <subfield code="4">220</subfield>
    <subfield code="7">ca</subfield>
  </datafield>
  <datafield tag="790" ind1=" " ind2="1">
    <subfield code="9">z06700</subfield>
    <subfield code="a">Laz`ko</subfield>
    <subfield code="b">A.</subfield>
    <subfield code="f">1925-</subfield>
    <subfield code="g">Aleksej</subfield>
    <subfield code="4">220</subfield>
    <subfield code="7">ba</subfield>
  </datafield>
  <datafield tag="801" ind1=" " ind2="0">
    <subfield code="a">RU</subfield>
    <subfield code="b">NLR</subfield>
    <subfield code="c">20170623</subfield>
    <subfield code="g">PSBO</subfield>
  </datafield>
  <datafield tag="801" ind1=" " ind2="1">
    <subfield code="a">RU</subfield>
    <subfield code="b">NLR</subfield>
    <subfield code="c">20170623</subfield>
    <subfield code="2">rusmarc</subfield>
  </datafield>
  <datafield tag="801" ind1=" " ind2="2">
    <subfield code="a">RU</subfield>
    <subfield code="b">NLR</subfield>
    <subfield code="c">20171214</subfield>
  </datafield>
  <datafield tag="852" ind1=" " ind2=" ">
    <subfield code="a">NLR</subfield>
    <subfield code="b">&#x41C;</subfield>
    <subfield code="j">&#x41A;-3/28426</subfield>
    <subfield code="p">259151</subfield>
    <subfield code="t">1</subfield>
  </datafield>
  <datafield tag="942" ind1=" " ind2=" ">
    <subfield code="c">SCORE</subfield>
  </datafield>
  <datafield tag="980" ind1=" " ind2=" ">
    <subfield code="a">NB</subfield>
  </datafield>
  <datafield tag="980" ind1=" " ind2=" ">
    <subfield code="a">ONIZ</subfield>
  </datafield>
  <datafield tag="995" ind1=" " ind2=" ">
    <subfield code="5">2017-06-23</subfield>
    <subfield code="b">NLR01</subfield>
    <subfield code="c">NLR01</subfield>
    <subfield code="e">ONIZ</subfield>
    <subfield code="k">&#x41A;-3/28426 &#x41A;-3/28426</subfield>
    <subfield code="o">0</subfield>
    <subfield code="r">SCORE</subfield>
    <subfield code="s">328426_328426</subfield>
  </datafield>
</record>
